World cup 1938 teams - Statistics

General Stats
  • This quiz has been taken 469 times
  • The average score is 13 of 16
Answer Stats
Hint Answer % Correct
Semi-finals Brazil
98%
Winner Italy
98%
Quarter-finals France
96%
First round Germany
92%
Runner-up Hungary
89%
Semi-finals Sweden
87%
First round Belgium
85%
First round Netherlands
83%
Quarter-finals Czechoslovakia
82%
Quarter-finals Switzerland
82%
First round Poland
80%
First round Austria
79%
First round Romania
75%
First round Norway
66%
Quarter-finals Cuba
56%
First round Dutch East Indies
51%
No matching quizzes found
Score Distribution
Percent of People with Each Score
Percentile by Number Answered
Your Score History
You have not taken this quiz